| 000 | 00985nam a2200277 a 4500 | ||
|---|---|---|---|
| 003 | MX-MxUPN | ||
| 005 | 20260221063937.0 | ||
| 008 | 991125s1937 sp fr 000 0 spa d | ||
| 035 | _aUPN01000016533 | ||
| 040 |
_aMX-MxUPN _bspa _cMX-MxUPN |
||
| 041 | _aspa | ||
| 050 | 4 |
_aLB518 _bV5.3 1937 |
|
| 100 | 1 |
_aVial, Francisque, _dn.1869 |
|
| 245 | 1 | 3 | _aLa doctrina educativa de J. J. Rousseau |
| 250 | _aSegunda edición | ||
| 260 |
_aBarcelona : _bEditioral Labor, _c1937. |
||
| 300 |
_a183 páginas, [8] páginas de láminas: _bilustraciones |
||
| 490 | 0 |
_aColección Labor. Biblioteca de iniciación cultural. Educación ; _v278 |
|
| 504 | _aIncluye alfabético. | ||
| 600 | 1 | 4 |
_aRousseau, Jean Jacques, _d1712-1778 _xCrítica e interpretación _94996 |
| 650 | 4 |
_aEducación _xFilosofía _94994 |
|
| 710 | 2 |
_928505 _aInstituto Federal de Capacitación del Magisterio (México) _epropietario anterior |
|
| 902 | _bMaríaRobles/240924 | ||
| 905 | _aLibro | ||
| 942 |
_2lcc _cLIBRO _n0 |
||
| 999 |
_c16533 _d16533 |
||